The barbs of lake Tana ethiopia morphological diversity and its implications for taxonomy, trophic resource partitioning, and fisheries

Wedi'i Gadw mewn:
Manylion Llyfryddiaeth
Prif Awdur: Nagelkerke, Leo A. J.
Fformat: Llyfr
Iaith:Undetermined
Cyhoeddwyd: Wageningen ( The Netherlands ) Wageningen Agricultural University 1997
Pynciau:
Tagiau: Ychwanegu Tag
Dim Tagiau, Byddwch y cyntaf i dagio'r cofnod hwn!
Thư viện lưu trữ: Trung tâm Học liệu Trường Đại học Cần Thơ
LEADER 00627nam a2200181Ia 4500
001 CTU_38913
008 210402s9999 xx 000 0 und d
082 |a 639.312 
082 |b N147 
100 |a Nagelkerke, Leo A. J. 
245 4 |a The barbs of lake Tana ethiopia morphological diversity and its implications for taxonomy, trophic resource partitioning, and fisheries 
245 0 |c Leo Nagelkerke 
260 |a Wageningen ( The Netherlands ) 
260 |b Wageningen Agricultural University 
260 |c 1997 
650 |a Fishes,Fish-culture 
904 |i Giang 
980 |a Trung tâm Học liệu Trường Đại học Cần Thơ